000 01537nam a22003497a 4500
001 BRCA_9248
003 FranzMayer
005 20230717135500.0
008 230712b |||||||| |||| 00| 0 eng d
020 _a9786076057216
040 _aMFM
_besp
_cMFM
041 _aesp
050 0 _aNX456.5.S8
_bS43 2022
110 1 _aSecretaria de Cultura
_bMuseo Palacio de Bellas Artes
_928646
240 1 _aSolo lo maravilloso es bello: Surrealismo en diálogo
245 0 _aSolo lo maravilloso es bello
_bSurrealismo en diálogo
260 _aCDMX
_bSecretaria de Cultura
_c2022
300 _a589 p
_bilustraciones
_c31 cm
500 _aL60/N4
505 0 _aTraducción de: Oswaldo Hernández TrujilloTraducción de: Adriana Huerta NúñezTitulo del lomo: Solo lo maravilloso es bello. Surrealismo en diálogosTexto en: españolDestinado a: artistas, historiadores, sociólogos, museógrafosIncluye índice (temático)
610 1 _aSecretaria de cultura
_bMuseo del Palacio de Bellas Artes
_928647
650 2 _2Arte en general
_aSurrealismo
_vSiglo 20
_928830
651 2 _2Europa
_aLatinoamérica
_928831
700 1 _4Coor.
_aFernández Félix, Miguel
_928648
700 1 _4Inv.
_aSánchez Ayala Lizbeth
_928649
700 1 _4Trad.
_aHernández Trujillo, Oswaldo
_928650
700 1 _4Trad.
_aHuerta Nuñez, Adriana
_928651
700 1 _4Trad.
_aRamos García, Andrés
_928652
710 1 _aSecretaria de Cultura
_bMuseo del Palacio de Bellas Artes
_928653
710 1 _aMuseo Boijmans van Beuningen
_928654
942 _2lcc
_cB
999 _c10867
_d10867